Tilastot visalle Sanat - "Taipumaton" - Kaija Koo

Klikkaa tästä pelataksesi tätä visaa!

Yleistilastot

  • Tätä visaa on pelattu 88 kertaa
  • Keskiarvotulos 107 / 158

Vastaustilastot

Vastaus% Oikein
en
100%
100%
oo
100%
Kun
93%
kun
93%
ei
87%
Ei
87%
ja
87%
mut
87%
mutta
87%
87%
vahva
87%
ehkä
80%
katso
80%
minusta
80%
mua
80%
ne
80%
pidät
80%
saat
80%
silmiin
80%
sinä
80%
taipumaton
80%
vahvan
80%
ehkä
73%
eikä
73%
horjun
73%
käännä
73%
kuulemaan
73%
muut
73%
oon
73%
päätä
73%
paikoillaan
73%
tuulessa
73%
hetkeksi
67%
joka
67%
jos
67%
maailmani
67%
minut
67%
mun
67%
murrun
67%
on
67%
täällä
67%
uudestaan
67%
vaik
67%
ylös
67%
joskus
60%
Kuin
60%
lausuis
60%
maailmani
60%
sanaakaan
60%
vaan
60%
aukeemaan
53%
enää
53%
kaipaakaan
53%
kunnes
53%
kuulet
53%
kyynelillä
53%
lapsi
53%
meistä
53%
mutkalle
53%
pesty
53%
rakennat
53%
rakkautta
53%
sanoit
53%
solmun
53%
surujen
53%
tahtiin
53%
taivuttaa
53%
tanssin
53%
vahvimmatkin
53%
vieraakseni
53%
hei
47%
huuhtoo
47%
kaiken
47%
kerjään
47%
kipua
47%
mennyt
47%
nyt
47%
pelkää
47%
tuhlaamaan
47%
vedet
47%
auki
40%
edessäs
40%
päästän
40%
polvillaan
40%
sydän
40%
uneksi
40%
vapaana
40%
virtaamaan
40%

Tulosjakauma

Persentiili vastausten määrän mukaan

Jokaisen tuloksen saaneiden osuus

Tuloshistoriasi

Et ole pelannut tätä visaa